| 000 | 00711nam a2200229Ia 4500 | ||
|---|---|---|---|
| 001 | 15439 | ||
| 003 | GE_BSU | ||
| 008 | 181216s||||||||xx |||||||||||||| ||und|| | ||
| 040 | _cGE_BSU | ||
| 080 | _a821.353.1-31 | ||
| 100 | _aჩადუნელი,იორამ | ||
| 245 | _aმთვარეულები | ||
| 245 | _bრომანი | ||
| 245 | _cრედ. რ.ჯალაღონია. მხატვ.დ.ბერძენიშვილი | ||
| 260 | _aთბილისი | ||
| 260 | _bმერანი | ||
| 260 | _c1987 | ||
| 300 | _a280გვ.1ფ.პორტრ.20სმ. | ||
| 653 | _aმთვარეულები | ||
| 653 | _aრომანი | ||
| 942 | _cBK | ||
| 999 |
_c48542 _d48542 |
||